000 00656nam a2200253Ia 4500
003 OSt
005 20220918222450.0
006 a|||||r|||| 00| 0
007 ta
008 220917b |||||||| |||| 00| 0 eng d
024 _a216,980
037 _cTextual
040 _aARTS
_cARTS
_beng
041 _2eng
_aeng
082 _aV58,1y7M79, P1
100 _aBrackman Roman
_9143227
245 0 _aSecret file of Joseph Stalin
260 _aLondon
_bFrank Cass
_c2002
300 _axx, 466p
_ccm.
500 _aRep. of 2001
650 _aHISTORY
942 _hV58,1y7M79, P1
_cTEXL
_2CC
999 _c275605
_d275605